000 01232nam a2200337Ia 4500
003 OSt
005 20221007122006.0
006 a|||||r|||| 00| 0
007 ta
008 221006b |||||||| |||| 00| 0 eng d
020 _a0849314887 (pbk)
_cRs.4542.67
024 _a16697
037 _b898, 21/12/2005, Zenith Publishers & Distributors
_cTextual
040 _aBDL
_cBDL
_beng
041 _2eng
_aeng
082 _aI:12-6, P5 Carb
100 _aWeising Kurt
_9418493
245 0 _aDNA fingerprinting in plants: Principles, methods,and applications
_b Nybom Hilde Wolff Kirsten Kahl Gunter
250 _a2
260 _aBoca
_bRaton Taylor & Francis
_c2005
300 _a444p.
_ccm.
500 _aAppendix 1-4, 311-338p.; Bibliographical references 339-426p.; Index 427-444p.
650 _a DNA fingerprinting of plants
_9713272
650 _a Fingerprinting-Plants
_9713273
650 _aBotany
700 _a Kahl Gunter
_9451296
700 _a Nybom Hilde
_9418494
700 _a Wolff Kirsten
_9418495
942 _hI:12-6, P5 Carb
_cTEXL
_2CC
999 _c1209645
_d1209645